[Event "Lost Boys op"]
[Site "Amsterdam"]
[Date "2001.08.14"]
[Round "5"]
[White "Sutovsky, Emil"]
[Black "Gershon, Alik"]
[Result "1/2-1/2"]
[WhiteElo "2651"]
[BlackElo "2553"]
[Annotator "Gershon,A"]
[PlyCount "132"]
[EventDate "2001.08.10"]
[EventType "swiss"]
[EventRounds "9"]
[EventCountry "NED"]
[SourceTitle "CBM 083 Extra"]
[Source "ChessBase"]
[SourceDate "2001.09.11"]
[SourceVersion "1"]
[SourceVersionDate "2001.09.11"]
[SourceQuality "1"]

1. e4 c5 2. Nf3 d6 3. d4 cxd4 4. Nxd4 Nf6 5. Nc3 Nc6 6. Bg5 e6 7. Qd2 Be7 8.
O-O-O O-O 9. Nb3 Qb6 10. f3 a6 11. h4 Rd8 12. h5 Qc7 13. h6 g6 14. Nd4 (14. Qf4
Ne8 15. Bxe7 Nxe7 16. e5 d5 17. Qe3 b6 18. f4 Bb7 19. Nd4 Rac8 20. Bd3 Nc6 21.
Nce2 Qe7 22. Nxc6 Rxc6 23. Nd4 Rc5 24. g4 $40 {1-0 Klovans,J-Stark,T/Hamburg
1999/EXT 2001 (28)}) 14... Ne8 $1 ({much worse is the straigh forward} 14... b5
$2 15. Nxc6 Qxc6 16. Qf4 b4 17. Bxf6 (17. Nb1 e5 18. Qh4 d5) 17... bxc3 18.
Bxc3 $16 (18. Bxe7 Qb7 $13)) 15. Bxe7 Nxe7 16. Qg5 $6 (16. f4 $142 b5 17. Bd3
Bb7 $132) 16... b5 17. a3 {White has to settle for this not-too-active move
since the promising:} (17. Bxb5 $2 {doesn't give anyhting to white.} f6 $1 (
17... axb5 18. Ndxb5 Qb7 19. e5 (19. Nxd6 $6 Rxd6 20. Rxd6 Nxd6 21. Rd1 Ne8 22.
Rd8 Kf8 23. Qf6 Ng8 $19) 19... d5 20. g4 $44 {/\ Nd6} (20. Ne4 Qxb5 21. Qxe7
Bb7 22. Nf6+ Nxf6 23. Qxf6 Kf8)) 18. Qg4 axb5 19. Ndxb5 Qc5 $19) 17... e5 18.
Nf5 $5 {Sccrificing a pawn, for what seems to be not enough compensation.
However, the alternatives were rather unhappy as well} (18. Nde2 Be6 19. Nd5
Bxd5 20. exd5 Rac8 21. Nc3 f6 22. Qd2 Nf5 $15) 18... Bxf5 19. exf5 f6 20. Qg4
Nxf5 21. Nd5 Qf7 22. Bd3 Nd4 {At this point I was assessing my position as
close to winning (with the of quite a few accurate moves, of course!). However,
Emil was able to shock me with his next move, completely turnig the course of
the game} (22... Qxd5 $2 23. Bxf5 Qc5 24. Be4 (24. Bxg6 hxg6 25. Qxg6+ (25.
Qe6+ Kh8 26. Qe7 Qc7) 25... Kh8 26. h7 Qe3+ 27. Kb1 Qg5 $17) 24... Rac8 25.
Qe6+ Kh8 26. Kb1 $36) 23. Be4 $5 {Although the objective evaluation of this
move should be "?!", with this unexpected move (my calculations concerning it,
before it was played on the board, went as far as one move- Be4 f5 - black
wins) white moves the games into a different path.} (23. c3 Nb3+ 24. Kb1 (24.
Kc2 Nc5 $17) 24... f5 25. Qg5 (25. Bxf5 Qxf5+ $19) 25... Qxd5 26. Be4 Qxd1+ 27.
Rxd1 fxe4 28. fxe4 Nc5 $17) 23... Kh8 $2 (23... f5 $142 24. Qh4 fxe4 25. fxe4 {
/\ Rhf1} Rd7 $1 {As it often happens, the refutaton to such moves as Be4 are
quite banal!} (25... Kh8 26. Rhf1 Qg8 (26... Ne2+ 27. Kb1 Nf4 28. g3 $18) 27.
Ne7 $18) (25... Qe6 26. Rhf1 Ne2+ 27. Kb1 Nf4 28. Ne7+ Kh8 29. g3 Qf6 30. Qxf6+
Nxf6 31. gxf4 Nxe4 $17) 26. Rhf1 Qe6 27. Nb6 Raa7 28. Nxd7 Rxd7 29. Qf2 Rf7 $17
{/-+}) 24. Qh4 Rac8 (24... f5 25. Rhf1) 25. Kb1 f5 26. c3 Ne6 27. Bc2 Rc4 28.
Qf2 N6c7 29. Qa7 $1 (29. Nxc7 Rxc7 $17 {/^ a2-g8}) 29... Rc5 30. Bb3 Qd7 (30...
Qf8 31. Nxc7 Nxc7 32. Rxd6 $3 Qxd6 (32... Rxd6 33. Qxc5 Qe7 (33... Rd1+ $140 $4
34. Rxd1 Qxc5 35. Rd8+) 34. Re1 $18) 33. Rd1 Qxd1+ (33... Rd5 34. Rxd5 Qe7 (
34... Nxd5 35. Qg7#) 35. Rxd8+ Qxd8 36. Qc5 $18) 34. Bxd1 Rc6 (34... Rxd1+ 35.
Kc2 $18) 35. Qb7 Rcd6 36. Bb3 R6d7 37. Qc6 $18) 31. Nxc7 Rxc7 $2 $138 {After
wasting most of my minutes left here, I decided to though the game away.} (
31... Nxc7 $4 32. Rxd6 $1 {Sutovsky} ({I was actually concerned about this
move:} 32. Qxc5 dxc5 33. Rxd7 Rxd7 34. c4 {And black connot free his K}) 32...
Qxd6 33. Rd1 {- 30...Qf8}) (31... Qxc7 $8 32. Qxc7 (32. Qxa6 $2 Rb8 {/\ Rc6}
33. Bd5 Nf6 $19) 32... Rxc7 33. Rhe1 Re7 34. Re2 $44 {>< Kh8}) 32. Qxa6 Rb8 33.
Qa5 {This simple move has skipped my mind when playing Rxc7} Nf6 34. Rd2 $2
$138 {returning the favor} (34. Qb4 $142 Rd8 35. Rhe1 $16) 34... b4 $1 35. cxb4
(35. Qa6 Rc6 36. Qa4 bxc3 $19) (35. Rhd1 Ra7 36. Rxd6 Rxa5 37. Rxd7 Nxd7 38.
Rxd7 bxa3 $19) (35. axb4 $142 $5 Ra7 36. Rxd6 Rxa5 37. Rxd7 Nxd7 38. bxa5 Rxb3
39. a6 $16) 35... Ra7 36. Rxd6 Rxa5 37. Rxd7 Nxd7 38. bxa5 Rxb3 39. Rd1 {
Looks completely winning for white. However, black has an almost study-like
escape} (39. a6 $2 Rb8 40. Rd1 Nf6 41. b4 Kg8 $15) 39... Rb7 40. a6 Ra7 41. b4
Kg8 42. b5 e4 $8 (42... Kf7 $4 43. Rxd7+ Rxd7 44. b6 Rd6 45. b7 Rb6+ 46. Kc2
$18) 43. fxe4 (43. Rxd7 $4 Rxd7 44. b6 e3 45. b7 Rd8 $1 46. a7 e2 47. b8=Q
e1=Q+ 48. Kb2 Qd2+ 49. Kb1 Qd5 $19) 43... fxe4 44. Rd6 $1 Kf8 45. Re6 $1 {
[#]  I wasn't too happy to see this move on the board, and with more minutes
passing by, and no reasonable defence found, my unhappiness was slowly turning
into desparation} ({I was ectually expecting :} 45. b6 {with a forced draw
after:} Rxa6 46. Rxd7 Rxb6+ 47. Kc2 Ra6 48. Rxh7 Rxa3 49. Rb7 (49. Rg7 Ra2+ 50.
Kc3 Rxg2 $11) 49... Kg8 50. Rg7+ Kh8 51. Rxg6 Kh7 52. Re6 Rg3 $11) {And then I
found:} 45... Nc5 $3 (45... Kf7 {was rejected immediately since after:} 46.
Rxe4 $18 {We have the same position as before only black has no more
counterchances.}) ({For a long time I considered to be this my best shop, as
the text, looked as a clearly losing continuation.} 45... Nb8 46. Rxe4 Nxa6 47.
bxa6 (47. Ra4 Rb7 48. Rxa6 Rxb5+ 49. Kc2 Rg5 50. Ra8+ Kf7 51. Ra7+) 47... Rxa6
48. a4 $16) 46. Rc6 $1 {Emil very quickly sees all the reasons  why he
shouldn't play 46.b6 and chooses the best option on the board.} (46. b6 $2 {
This is the move that was thought to be the winning one by all (including both
players for a very long time). However:} Ra8 47. a7 (47. b7 {is a clear draw:}
Rb8 48. Kc2 Nxa6 49. Rxa6 Rxb7 $11) 47... Nd7 $3 {This N retreat is what I was
missing in all of my previous 30-min calculations.} (47... Nxe6 48. b7 Nc7 49.
b8=Q+ $18 {An unpleasant surpise: White doesn't have to take the R!}) 48. Ka2
e3 (48... Nxb6 49. Rxb6 Rxa7 50. Re6 Rd7 $11)) (46. Rf6+ $5 Ke7 (46... Ke8 $4
47. Rc6 Nd7 48. Rxg6 $3 $18) 47. Rc6 Nd7 $11) 46... Nd7 47. Kc2 (47. Re6 $11)
47... Ke7 48. a4 Ne5 49. Rb6 Kd7 50. a5 e3 51. Rf6 (51. Kd1 $5 Nc4 52. Ke2 $1 (
52. Rb7+ Rxb7 53. axb7 Kc7 54. a6 Kb8 (54... Na3 55. b6+ Kb8 56. Ke2 Nc2 57. g4
Nb4 58. Kxe3 Nxa6 59. Ke4 Kxb7 60. Ke5 Kc6 (60... Kxb6 61. Kf6 Kc7 62. Kg7 Kd7
63. Kxh7 $18) 61. Kf6 Kd7 62. Kg7 Ke7 63. Kxh7 Kf7 64. b7 Nb8 65. g5 Nd7 66.
Kh8 Kf8 67. h7 Nb8 $11) 55. Ke2 Ka7 56. g4 g5 57. Kd3 Kb8 $11 (57... Ne5+ $4
58. Kxe3 Nxg4+ 59. Kd4 Nxh6 (59... Nf6 60. Ke5 Nd7+ 61. Kf5 $18) 60. Kc5 Nf7
61. Kc6 $18)) (52. Rf6 Nd6 $19) 52... Nxa5 53. Rf6 Ke7 54. b6 Ra8 55. b7 Nxb7
56. axb7 Ra2+ 57. Kxe3 Rb2 58. Rxg6 $18) 51... Ra8 52. b6 $4 $138 {After 6
hours of permanent calcualtons the quality of the next move drops drastically!
This position ramained to topic of our conversation for long hours after the
game was finished....} ({essential was:} 52. Kd1 Ke7 (52... Nd3 53. Ke2 Re8 54.
Rf1 $1 (54. a7 Nc1+ 55. Ke1 Nd3+ $11)) 53. Rf4 Kd6 54. Re4 Kd5 (54... Nf7 55.
b6) 55. Rxe3 Nc4 56. Re7 Kc5 57. b6 (57. Rxh7 Kxb5 58. Rg7 Kxa6 59. Rxg6+ Kxa5
$11) 57... Nxa5 58. b7 Rd8+ 59. Ke2 Kb6 60. Rxh7 Kxa6 61. Rg7 Nxb7 62. Rxg6+
Kb5 63. g4 Kc5 64. g5 Kd5 65. h7 Rh8 66. Rh6 Ke5 $11) 52... Re8 $6 {Although
this wins as well, black misses by far the simplest move he had for this whole
long evening} (52... Rxa6 {Was pointed to us by Yohannsn Afek and Boris Avrukh
in the blindfold-postmortem we were having on the way to the local Shoarma
after the game...} 53. b7 Rc6+ {the point} 54. Kd1 Kc7 {and another point....
this move is what I actually missed while playing Re8} 55. Rxc6+ Nxc6 56. a6
Nb4 57. Ke2 Nxa6 58. Kxe3 Kxb7 59. Ke4 Kc7 60. Ke5 Kd7 61. Kf6 Ke8 62. Kg7 Nc5
63. Kxh7 Kf7 64. Kh8 Nd7 65. g4 Ne5 66. g5 Kf8 67. Kh7 $11) (52... e2 $1 {
Surprisingly enough, this simple move was missed by both players - no comment
is needed afterwards!} 53. Kd2 Re8 {[%cal Ge5f3] /\Nf3} 54. Kxe2 Ng4+ $19) 53.
Rf4 $8 {With the time running down Emil find the only move that enables him to
keep finghting} (53. Kd1 e2+ 54. Kxe2 Ng4+ $19) 53... Nc6 $4 $138 (53... Nf3 $3
{This was the (more complicated) win. However, with less than two minutes left
on the clock this was a much tougher one to find then e2 a move earlier.} 54.
Rxf3 (54. Re4 Rxe4 55. a7 e2 56. a8=Q e1=Q $19) 54... e2 55. Rd3+ Kc6 56. Rc3+
(56. Rd1 exd1=Q+ 57. Kxd1 Re5 58. b7 Kc7 $19) 56... Kb5 57. Rb3+ Kxa6 $19) (
53... Nc4 $4 54. Rd4+ Nd6 (54... Kc6 55. Rxc4+ Kb5 56. Re4 $1 Rxe4 57. b7 $18)
55. a7 e2 56. Rxd6+ $1 Kxd6 57. b7 e1=Q 58. b8=Q+ Kc5 59. Qb6+ Kc4 60. Qc6+ $11
) 54. Kd1 e2+ (54... Nxa5 $142) 55. Ke1 Nxa5 56. a7 (56. Ra4 $5 Nb3 57. a7 Nc5
58. Ra3 Ra8 59. Rc3 Kc6 60. b7 (60. Rxc5+ Kxb6 $11) 60... Kxb7 61. Rxc5 Kb6 $11
) 56... Kc6 57. Re4 Ra8 58. Re7 Kxb6 59. Rxh7 Nc6 60. Rg7 $2 {On his last move
before the time control white makes a mistake after which it's him again who
should fight for saving the game} (60. Kxe2 Nxa7 61. Rg7 Nc6 62. Rxg6 Kc5 $14)
60... Nd4 $1 61. Re7 $8 (61. Rxg6+ $4 Kc5 62. Rg5+ Kc4 63. Re5 (63. Ra5 Re8 64.
Ra2 Rf8 $19) 63... Kd3 $19) (61. h7 Re8 $19 {/\ Nc2}) 61... Kc5 62. h7 Kd6 63.
Re4 Kd5 64. Re7 (64. Rh4 Re8 $8 (64... Rxa7 $4 65. Rxd4+ $1 Kxd4 66. h8=Q+ $18)
(64... Rc8 65. Rh1 $1 Rc1+ 66. Kf2 Rxh1 67. a8=Q+ $18)) 64... Kd6 65. Re4 Kd5
66. Re7 Kd6 {This is a truly adequate finish for such a game!} 1/2-1/2

[Event "RUS-chT 07th"]
[Site "Smolensk"]
[Date "2000.04.20"]
[Round "6"]
[White "Svidler, Peter"]
[Black "Iskusnyh, Sergei"]
[Result "1/2-1/2"]
[WhiteElo "2672"]
[BlackElo "2495"]
[Annotator "Gershon,A"]
[PlyCount "57"]
[EventDate "2000.04.15"]
[EventType "team-tourn"]
[EventRounds "11"]
[EventCountry "RUS"]
[SourceTitle "CBM 077"]
[Source "ChessBase"]
[SourceDate "2000.07.27"]
[SourceVersion "1"]
[SourceVersionDate "2000.07.27"]
[SourceQuality "1"]
[WhiteTeam "Sankt Petersburg Chess Federation"]
[BlackTeam "Novokuznetsk"]
[WhiteTeamCountry "RUS"]
[BlackTeamCountry "RUS"]

1. e4 c5 2. Nf3 Nc6 3. d4 cxd4 4. Nxd4 Nf6 5. Nc3 d6 6. Bg5 e6 7. Qd2 Qb6 8.
Nb3 Be7 9. O-O-O O-O 10. f3 Rd8 11. Nb5 {A variation that has lost some of its
popularity but white can still get a very dangerous game if black is not
careful.} Rd7 12. Qe1 {[%csl Rd6][%cal Gg5f6]} (12. Be3 Qd8 13. N5d4 Bf8 (13...
e5 14. Nf5 (14. Nxc6 bxc6 15. Qc3 Qc7 16. Na5 Bb7 17. Nxb7 Qxb7 18. g4 Rb8 19.
g5 Ne8 20. h4 Qb4 21. Qxb4 Rxb4 22. b3 $14 {1-0 Sax,G-Ermekov,A/Pardubice 1997/
CBM 59 ext (45)}) 14... d5 15. Bd3 Bb4 16. Qe2 d4 17. Bg5 g6 18. Nh6+ Kg7 19.
Bc4 Qc7 20. Qf2 Ne8 21. Qh4 f6 22. Bd2 Bxd2+ 23. Rxd2 Nb4 24. Bb5 Re7 25. a3
Nc6 26. g4 $36 {0-1 Toth,A-Nor,I/Paks 1998/EXT 99 (40)}) (13... a5 14. Nxc6
bxc6 15. Nd4 Rc7 16. g4 a4 17. g5 Nh5 18. Ne2 e5 19. Ng3 (19. h4) 19... Nf4 20.
h4 Rb7 21. Qc3 Rab8 22. Bxf4 exf4 23. Nh5 Qf8 {With black having the better
chances to succeed. 0-1 Liss,E-Kotronias,V/Rishon Le Ziyyon 1996/CBM 53 (39)})
14. g4 e5 15. Nxc6 bxc6 16. g5 Ne8 (16... Nh5 $5) 17. Na5 Rc7 18. h4 Be6 19. h5
Qb8 20. Qc3 Qc8 21. g6 Rb8 22. f4 Nf6 23. gxh7+ Kh8 24. Bg2 $16 {0-1 Maiorov,
O-Fomichenko,E/Krasnodar RUS 1999 (44)}) 12... a6 (12... Qd8 13. h4 a5 14. a4
e5 15. g3 Ne8 16. Be3 d5 17. Bh3 d4 18. Bd2 Nb4 19. Kb1 Qb6 20. Bxd7 Bxd7 21.
c3 Bxb5 22. axb5 Qxb5 $1 23. Qf1 Qa4 24. cxb4 axb4 $44 {... 1/2-1/2 Nunn,
J-Pelletier,Y/Germany 1999/EXT 2000 (60)}) 13. Be3 (13. N5d4 {was Anand's
novelty in the Wydra tournament, leaving the bishop on g5} Qc7 14. h4 Ne5 15.
Kb1 b5 16. g4 d5 17. Bxf6 gxf6 18. f4 Ng6 19. f5 Nf4 20. g5 e5 21. Qg3 Kh8 22.
g6 Bf8 23. gxh7 $18 {1-0 Anand,V-Avrukh,B/Haifa ISR 2000 (32)}) 13... Qd8 14.
N5d4 Nxd4 (14... Bf8 15. g4 e5 16. Nf5 d5 17. g5 dxe4 18. Rxd7 Bxd7 19. Nxg7
Bxg7 20. gxf6 Qxf6 21. fxe4 Nd4 22. Bc4 Rc8 23. Rf1 Qc6 24. Bxf7+ Kh8 25. c4
Qxe4 $40 {[%csl Rc1] 1/2-1/2 Yemelin,V-Sherbakov,R/St Petersburg 1998/CBM 67 
(67)}) 15. Nxd4 $146 {This move is a more logical on than Bd4 since this way
white doesn't allow e5 in the view of Nf5} (15. Bxd4 e5 16. Bc3 d5 17. Bxe5
dxe4 18. Rxd7 Nxd7 (18... Bxd7 19. fxe4 a5 20. Kb1 a4 21. Nc1 a3 22. b3 Ng4 23.
Bc3 Qc7 24. Bd4 Rc8 $36 {With black having a strong initiative for the pawn in
: Huebner,R-Piket,J/Lugano 1989/TD (40); 0-1}) 19. Qxe4 Nxe5 20. Qxe5 Bf6 21.
Qe4 Be6 22. Bc4 Bxc4 23. Qxc4 Rc8 24. Qe4 Qc7 25. Kb1 b5 $44 {1-0 Lau,
R-Fedorowicz,J/Wijk aan Zee 1989/CBM 12 (52)}) 15... Qc7 16. g4 d5 17. g5 Nh5 (
17... Ne8 18. h4 Nd6 19. exd5 exd5 20. h5 $40) 18. Qh4 g6 19. Bh3 {[%cal Gd4e6]
} Rd8 (19... Qa5 20. Kb1 Rc7 21. Bg4 Ng7 22. Nb3 Qa4 23. Bd4 Qc6 24. Bc3 dxe4
25. fxe4 Qxe4 26. Rhe1 Qa4 27. Rd4 $44) 20. Ne2 {[%cal Ge3d4,Ge2f4]} Bd7 21.
exd5 (21. Nf4 $2 Rac8 22. c3 (22. Rd2 d4 $19) 22... Nxf4 23. Bxf4 e5 $17) 21...
exd5 22. Bxd7 Rxd7 {Black has an isolated pawn and a temporarily passive
knight, but he more than compensates it with the 'c' and 'e' files, and the
uncoordinated placing of white pieces.} 23. Nd4 (23. Nf4 Rc8 24. c3 d4 $1 25.
Nxh5 dxc3 $1 $19) 23... Bd6 24. Kb1 Re8 25. Bd2 Bf4 26. Qf2 Rde7 27. a3 Be3 28.
Bxe3 Rxe3 29. h4 {Black stands better to my taste and if not in timetrouble
one would expect him to go on.} (29. h4 Qf4 $17) 1/2-1/2

[Event "Lost Boys op"]
[Site "Amsterdam"]
[Date "2001.08.12"]
[Round "3"]
[White "Arakhamia Grant, Ketevan"]
[Black "Gershon, Alik"]
[Result "0-1"]
[WhiteElo "2446"]
[BlackElo "2553"]
[Annotator "Gershon,A"]
[PlyCount "56"]
[EventDate "2001.08.10"]
[EventType "swiss"]
[EventRounds "9"]
[EventCountry "NED"]
[SourceTitle "CBM 083 Extra"]
[Source "ChessBase"]
[SourceDate "2001.09.11"]
[SourceVersion "1"]
[SourceVersionDate "2001.09.11"]
[SourceQuality "1"]

1. e4 c5 2. Nf3 Nc6 3. d4 cxd4 4. Nxd4 Nf6 5. Nc3 d6 6. Bg5 e6 7. Qd2 Be7 8.
O-O-O O-O 9. Nb3 Qb6 10. f3 a6 11. Kb1 Rd8 12. Be3 Qc7 13. Qf2 Nd7 14. g4 b5
15. g5 Nce5 (15... Rb8 16. h4 Nb6 17. g6 Na4 18. gxf7+ Kxf7 19. Ne2 Bf6 20.
Ned4 Nxd4 21. Bxd4 e5 22. Be3 Kg8 $13 {1/2-1/2 Timman,J-Salov,V/Linares 1991/
CBM 22 (61)}) {/\ f3-f4} 16. Rg1 (16. h4 {Liss-Masian,1998}) 16... b4 17. Na4
$6 {with this move white holds back black's attack, but compromises his N.} (
17. Ne2 $142 Nc4 18. Bc1) 17... Rb8 {[%csl Ra4] >< Na4} 18. f4 Nc4 19. Bc1 $6 {
too passive. After this move black gets a very pleasant play.} (19. Bxc4 $5
Qxc4 20. Ba7 Ra8 21. Nb6 Nxb6 22. Bxb6 Rd7 23. f5 Qxe4 24. f6 Bf8 25. Rd4 $44)
19... Bb7 $15 20. Rd4 (20. Qe2 $5 d5 21. exd5 Bxd5 22. g6 $1 (22. Rxd5 exd5 23.
Qxe7 Re8 $19) 22... hxg6 23. Rxd5 exd5 24. Qxe7 Re8 25. Qh4 Qc6 26. f5 (26.
Bxc4 dxc4 27. Nd4 Qxa4 28. f5 Ne5) 26... Nce5 27. fxg6 Nxg6 28. Qd4 Qxa4 29.
Qxd5 Nde5 $17) 20... d5 21. exd5 Bxd5 22. f5 Rbc8 $1 (22... Qc6 $143 23. g6
$132) 23. Rg3 $6 {too slow. this was the last oportunity to complicate} (23. f6
Bf8 24. Bd3 Nde5 25. Bxh7+ Kxh7 26. Qh4+ Kg8 27. Rg3 Na3+ $1 28. bxa3 Qxc2+ 29.
Ka1 Bxb3 $19) (23. g6 $142 fxg6 24. fxg6 hxg6 25. Rxg6 Nde5 $36) 23... Nde5 24.
Rh4 $2 (24. f6 Bf8 25. Bf4 Qc6 $17) 24... Nd2+ $1 25. Qxd2 (25. Bxd2 Qxc2+ 26.
Ka1 Qd1+ $19) (25. Nxd2 Qxc2+ 26. Ka1 Qxc1+ 27. Nb1 Be4 $19) 25... Bxb3 26. Bd3
Rxd3 27. cxd3 Bc2+ 28. Ka1 Bxa4 (28... Bxa4 29. b3 Qxc1+ 30. Qxc1 Rxc1+ 31. Kb2
Rc3 32. bxa4 Nxd3+ $19) 0-1

[Event "Mario Covas 2nd"]
[Site "Santos"]
[Date "2002.02.27"]
[Round "8"]
[White "Leitao, Rafael Duailibe"]
[Black "Zarnicki, Pablo Adrian"]
[Result "1/2-1/2"]
[WhiteElo "2571"]
[BlackElo "2493"]
[Annotator "Gershon,A"]
[PlyCount "70"]
[EventDate "2002.02.20"]
[EventType "tourn"]
[EventRounds "9"]
[EventCountry "BRA"]
[EventCategory "9"]
[SourceTitle "CBM 088"]
[Source "ChessBase"]
[SourceDate "2002.03.21"]
[SourceVersion "1"]
[SourceVersionDate "2002.03.21"]
[SourceQuality "1"]

1. e4 c5 2. Nf3 d6 3. d4 cxd4 4. Nxd4 Nf6 5. Nc3 Nc6 6. Bg5 e6 7. Qd2 Be7 8.
O-O-O Nxd4 9. Qxd4 O-O 10. h4 h6 $5 {Black wants to see what white does with
hsi bishop. The main alternative is Qa5} (10... Qa5 11. f3 $5 {Another 
possibilities are:} (11. Qd2 a6 (11... Bd7 12. Kb1 Kh8 $13) 12. Kb1 Qc7 13. Bd3
b5 14. f4 Bb7 15. a3 Rac8 $132 {1-0 Enders,P-El Ghazali,Y/Budapest 1995/CBM 50
ext (41)}) (11. Be2 Bd7 12. Rd3 Bc6 13. Rg3 Kh8 14. f4 e5 15. Qe3 exf4 16. Bxf4
Qc5 $132 {1/2-1/2 Boudre,J-Verat,L/Clichy 1993/EXT 97 (59)}) (11. Bd2 Qc7 12.
h5 h6 13. f3 e5 14. Qg1 Be6 $132 {1-0 Geiser,L-Georges,S/SWZ 1995/CBM 49 ext 
(41)}) (11. Bc4 Bd7 12. Bb3 h6 13. f4 hxg5 14. hxg5 Ng4 15. Rh5 f6 16. Nd5 Qd8
17. g6 Nh6 18. f5 Re8 19. Rdh1 Bf8 20. Rxh6 gxh6 21. Nxf6+ Kh8 22. Nxe8+ {
1-0 Enders,P-Rossmann,H/Salzwedel 1982/MCL (22)}) 11... a6 (11... Bd7 12. Bd2
Qe5 13. Qe3 Rfc8 14. g4 Qc5 15. Qxc5 Rxc5 16. Be3 $14 {1/2-1/2 Arnason,
J-Gurevich,D/Beersheba 1987/CBM 05 (27)}) 12. Bd2 $5 {Profilactical move
against black counterplay on the queenside, which prepares pawn attack on the
king side.} (12. Kb1 b5 13. g4 b4 14. Ne2 e5 15. Qf2 Be6 $132 {0-1 Najera de
Miguel,P-Castellano,J/Las Palmas 1995/EXT 98 (28)}) 12... Qc5 (12... Qc7 13. g4
$40) 13. Qxc5 dxc5 14. h5 $16 {1-0 Smirin,I-Gershon,A/Saint Vincent 2000/CBM
78/[Gofshtein,L] (37) After trade of queens, white has serios advantage.}) 11.
Bxf6 (11. Be3 Ng4) 11... Bxf6 12. Qxd6 {the eternal disscusion: which is
better a pawn of a pair of bishops. Once again, black proves that the bishops
provide enough compensation for the pawn.} Qa5 ({after} 12... Qxd6 13. Rxd6 g5
14. hxg5 hxg5 15. g3 $14 {white gets an edge}) 13. Qg3 a6 14. Kb1 Be5 $1 {
provoking pawn movement to f4, weakening e4.} (14... b5 {is bad due to} 15. e5
Be7 16. Ne4 $16) 15. f4 Bxc3 16. Qxc3 Qxc3 17. bxc3 b5 18. Rh3 $6 {missing
black's strong resource} (18. e5 Bb7 19. Rh3 Rac8 {[%cal Gc8c4] black still
has enough counter play along the 'c' file.}) 18... e5 $1 19. f5 {[%csl Re4,
Rf5] now, virtually all white pawns are placed on the squares of own bishop.
This makes B endgames good for black, which he later takes advantage of.} Bb7
20. Re3 Rfc8 21. Rd7 Rab8 22. Be2 Bc6 23. Re7 Re8 24. Ra7 Ra8 {methodically
exchanging rooks} 25. Rxa8 Rxa8 26. c4 Kf8 {Black doesn't take on c4, of
course. white can't create a passed pawn out of his pawn majority on Q side.}
27. g4 Ke7 28. Ra3 Kd6 $1 (28... Bxe4 29. cxb5 axb5 30. Rxa8 Bxa8 31. Bxb5 {
is bad for black} Bf3 (31... Kf6 32. Be2) 32. g5) 29. cxb5 axb5 30. Rxa8 Bxa8
31. Bd3 {now it's an easy draw.} (31. Bxb5 $142 Kc5 32. Bd3 Kd4 33. Kb2 Ke3 34.
a4 (34. g5 h5) 34... Kf4 35. g5 h5 $1 (35... hxg5 36. hxg5 Kxg5 37. a5 Kf4 {
black gets sufficient counterplay}) (35... Kg4 $4 36. f6 $18) 36. a5 Kg4 37. a6
Kxh4 38. Bb5 Kxg5 {and black is first}) 31... Kc5 32. c3 Bc6 {Now it's all
over. White cannot improve his position} 33. Kc2 Be8 34. Kd2 f6 35. Bc2 Bc6
1/2-1/2

[Event "Belgrade Investbank"]
[Site "Belgrade"]
[Date "1995.??.??"]
[Round "9"]
[White "Timman, Jan H"]
[Black "Leko, Peter"]
[Result "1/2-1/2"]
[WhiteElo "2595"]
[BlackElo "2605"]
[Annotator "Giese"]
[PlyCount "53"]
[EventDate "1995.11.??"]
[EventType "tourn"]
[EventRounds "11"]
[EventCountry "YUG"]
[EventCategory "17"]
[SourceTitle "CBM 051"]
[Source "ChessBase"]
[SourceDate "1996.04.01"]
[SourceVersion "1"]
[SourceVersionDate "1996.04.01"]
[SourceQuality "1"]

1. e4 c5 2. Nf3 d6 3. d4 cxd4 4. Nxd4 Nf6 5. Nc3 Nc6 6. Bg5 e6 7. Qd2 Be7 8.
O-O-O Nxd4 9. Qxd4 O-O 10. e5 dxe5 11. Qxe5 Bd7 12. Qg3 Rc8 13. Bd3 Nh5 14.
Bxe7 Qxe7 15. Bxh7+ $5 $10 Kxh7 16. Qd3+ {[%csl Rd7]} g6 17. Qxd7 Qg5+ {
[%csl Rg2]} 18. Kb1 Qxg2 $132 19. Qd4 a6 20. Rhg1 Qc6 21. Qh4 Rh8 22. Rd2 Kg7
23. Ne4 Rhd8 24. Rxg6+ $10 fxg6 (24... Kxg6 $4 25. Qg5+ Kh7 26. Qxh5+ Kg7 27.
Qg5+ Kf8 28. Rxd8+ $18) 25. Qe7+ Kh6 (25... Kg8 $4 26. Rxd8+ $16) 26. Qg5+ Kg7
27. Qe7+ 1/2-1/2